00770cam a22002297a 450000500170000000800410001701000100005801100100006803500100007808200250008810000200011324501140013326000290024730000200027650000420029659000410033859000420037965000320042190100070045394900630046099900170052320220329141124.0971010s1982 r 00010 d a62935 a63907 a68615 a624.17723bH35y 19-?00aHahn, J.952238 0aVigas contínuas, porticos, placas y vigas flotantes sobre terreno elásticob: con un apéndice de tablas aBarcelona :bGili,c1982 a499 p.b: ilus. aTrad. de: la 13 ed. en Alemán, 19-- aBATCH-UPDb10c20130110lUCH01h0635 aCONVERSIONb10c20130109lUCH01h133414aTrabes de concreto.9114567 aBK a624.17723 H35y 19-?bIcLIBROd-743eLIBROh3943i68615si c62935d62935